Ч. 1; Электрические машины

Detalhes bibliográficos
Parent link:Электрические машины: учебное пособие/ Д. Э. Брускин, Д. Е. Зорохович, В. С. Хвостов. Ч. 1.— 2-е изд. перераб., и доп..— , 1987
Idioma:russo
Publicado em: 1987
Assuntos:
Formato: Livro
KOHA link:https://koha.lib.tpu.ru/cgi-bin/koha/opac-detail.pl?biblionumber=53109

MARC

LEADER 00000nam2a2200000 4500
001 53109
005 20251211155233.0
035 |a (RuTPU)RU\TPU\book\55692 
035 |a RU\TPU\book\33991 
090 |a 53109 
100 |a 20030613d1987 m y0rusy50 ca 
101 0 |a rus 
102 |a RU 
105 |a a j 000zy 
200 0 |a Ч. 1 
210 |d 1987 
215 |a 319 с.  |c ил. 
461 1 |0 (RuTPU)RU\TPU\book\55691  |t Электрические машины  |o учебное пособие  |o в 2-х ч.  |f Д. Э. Брускин, Д. Е. Зорохович, В. С. Хвостов  |v Ч. 1  |e 2-е изд. перераб., и доп.  |d 1987 
610 1 |a электрические машины 
610 1 |a устройства 
610 1 |a теория 
610 1 |a учебные пособия 
675 |a 621.313(075.8)  |v 3 
801 0 |a RU  |b 63413507  |c 20011210  |g PSBO 
801 1 |a RU  |b 63413507  |c 20030613  |g PSBO 
801 2 |a RU  |b 63413507  |c 20201014  |g PSBO 
942 |c BK